Les joueurs du PSG en fonction de leur salaire (2019-2020) - Statistiques

Statistiques générales
  • Ce quiz a été pris 891 fois
  • Le résultat moyen est 16 sur 29
Statistiques - réponses
Joueurs Salaire % Correct
Kylian Mbappe 1 730 000
100%
Neymar 3 060 000
98%
Marco Verratti 600 000
89%
Marquinhos 700 000
88%
Angel Di Maria 1 100 000
83%
Keylor Navas 700 000
82%
Presnel Kimpembe 670 000
81%
Thiago Silva 1 160 000
81%
Edinson Cavani 1 500 000
80%
Juan Bernat 300 000
68%
Mauro Icardi 865 000
67%
Layvin Kurzawa 250 000
66%
Idrissa Gueye 540 000
59%
Leandro Paredes 610 000
59%
Julian Draxler 600 000
58%
Ander Herrera 660 000
51%
Thomas Meunier 250 000
50%
Thilo Kehrer 460 000
49%
Sergio Rico 160 000
48%
Colin Dagba 5 000
47%
Pablo Sarabia 450 000
43%
Abdou Diallo 60 000
42%
Eric Maxim Choupo-Moting 310 000
40%
Mitchel Bakker NC
27%
Tanguy Kouassi NC
19%
Marcin Bulka NC
17%
Adil Aouchiche NC
11%
Loic Mbe Soh NC
6%
Garissone Innocent NC
4%
Aucun quiz correspondant
Distribution des résultats
% des personnes avec chaque résultat
Percentile par nombre de réponses
Votre historique - résultats
Vous n’avez pas pris ce quiz